00483nam a22001577a 450000500170000002000230001702000260004003700080006610000260007424500700010026000370017027000560020730000300026365000120029370000200030520111219165449.0 a8181467590c150.00 a9788181467591c150.00 bPUB aPadmanabhan, Manjula  aSame & different a picture puzzle book /cby Manjula Padmanabhan  aChennaibTulika Publishersc2010 a13, Prithvi Avenue, AbhiramaourambChennaie600 018 aunpagedbill.c23cm(pbk)  aStories a Kuriyan, Priya